00641nam 22001573 4500001000700000016001100007100004100018200002500059210002800084215002900112300026500141606001300406610003000419675001600449801001800465202315 dcompra a20260525d u||y0pory50 ba aThe Golden Pan-Flute cPoint productionsd1988 cCD áudio, (60: 00 min) aA flauta de pã ou flauta de pan é um instrumento musical (remonta à antiguidade) e o nome genérico dado a instrumentos musicais de sopro constituídos por um conjunto de tubos fechados numa extremidade, ligados uns aos outros em feixe ou lado a lado. aMúsica aflauta--musica clássica a78vNLzdut aPTbBMMNgRPC